The Debt crisis and economic adjustment in Latin American /

Tallennettuna:
Bibliografiset tiedot
Päätekijä: Edwards, Sebastian
Aineistotyyppi: Teksti
Aiheet:
Tagit: Lisää tagi
Ei tageja, Lisää ensimmäinen tagi!

MARC

LEADER 00000 a a2200000 04500
001 42920
003
040
100 |a Edwards, Sebastian  
245 |a The Debt crisis and economic adjustment in Latin American /  |c Sebastian, Eduards  
650 |a DEUDA EXTERNA  
650 |a RECESION ECONOMICA  
650 |a CRISIS MONETARIA  
650 |a AJUSTE ESTRUCTURAL  
650 |a SISTEMA MONETARIA INTERNACIONAL  
650 |a FMI  
773 |g volumen24, número3 (1989), 99. 172-186  
999 |c 25686  |d 25686